Los pasos perdidos / (Record no. 41992)
[ view plain ]
| 000 -CABECERA | |
|---|---|
| campo de control de longitud fija | 00651nam a2200205 a 4500 |
| 001 - NÚMERO DE CONTROL | |
| campo de control | 000042503 |
| 005 - FECHA Y HORA DE LA ÚLTIMA TRANSACCIÓN | |
| campo de control | 20201002040209.0 |
| 008 - DATOS DE LONGITUD FIJA--INFORMACIÓN GENERAL | |
| campo de control de longitud fija | 131205s1972 sp 000 0 spa d |
| 040 ## - FUENTE DE LA CATALOGACIÓN | |
| Centro catalogador/agencia de origen | DO-SdBNP |
| Lengua de catalogación | spa |
| Centro/agencia transcriptor | BNPHU |
| 041 17 - CÓDIGO DE LENGUA | |
| Código de lengua del texto/banda sonora o título independiente | spa |
| Código de lengua original | eng |
| 082 ## - NÚMERO DE LA CLASIFICACIÓN DECIMAL DEWEY | |
| Número de clasificación | xxx |
| Número de documento/Ítem | xxx |
| 100 1# - ENTRADA PRINCIPAL--NOMBRE DE PERSONA | |
| Nombre de persona | Breton, André, |
| Fechas asociadas al nombre | 1896-1966. |
| 9 (RLIN) | 39334 |
| 240 10 - TÍTULO UNIFORME | |
| Título uniforme | Les pas perdus |
| Lenguaje de la obra | Español. |
| 245 14 - MENCIÓN DE TÍTULO | |
| Título | Los pasos perdidos / |
| Mención de responsabilidad, etc. | André Breton ; traductor Miguel Veyrat. |
| 260 ## - PUBLICACIÓN, DISTRIBUCIÓN, ETC. | |
| Lugar de publicación, distribución, etc. | Madrid : |
| Nombre del editor, distribuidor, etc. | Alianza, |
| Fecha de publicación, distribución, etc. | 1972. |
| 300 ## - DESCRIPCIÓN FÍSICA | |
| Extensión | 158 p. ; |
| Dimensiones | 18 cm. |
| 490 1# - MENCIÓN DE SERIE | |
| Mención de serie | El Libro de bolsillo |
| -- | literatura |
| Designación de volumen o secuencia | 388 |
| 700 12 - PUNTO DE ACCESO ADICIONAL--NOMBRE DE PERSONA | |
| Nombre de persona | Veyrat, Miguel |
| Término indicativo de función/relación | tr. |
| 9 (RLIN) | 69702 |
| 830 #0 - PUNTO DE ACCESO ADICIONAL DE SERIE-TÍTULO UNIFORME | |
| Título uniforme | El Libro de bolsillo |
| Nombre de parte o sección de la obra | literatura |
| Número de parte o sección de la obra | 388 |
| 9 (RLIN) | 69703 |
| Estado de retiro | Estado de pérdida | Restricciones de uso | No para préstamo | Código de colección | Localización permanente | Ubicación/localización actual | Ubicación en estantería | Fecha de adquisición | Número de inventario | Total de préstamos | Signatura topográfica completa | Código de barras | Fecha visto por última vez | Precio válido a partir de | Tipo de ítem Koha |
|---|---|---|---|---|---|---|---|---|---|---|---|---|---|---|---|
| Excluido de préstamo | Monografías: Libros y Folletos | General | General | En catalogación | 05.12.2013 | LF1 | xxx xxx | 42503-10 | 25.06.2020 | 25.06.2020 | No se presta |
